Statistiques concernant Les principales rivalités dans le football français

Cliquez ici pour prendre le quiz!

Statistiques générales

  • Ce quiz a été pris 2 030 fois
    (2 025 depuis la dernière actualisation)
  • Le résultat moyen est 10 sur 16

Statistiques - réponses

RivalitéVilles rivales% Correct
Le ClassiqueParis - Marseille
96%
L'OlympicoLyon - Marseille
92%
Derby du NordLens - Lille
85%
Derby corseAjaccio - Bastia
84%
Derby rhônalpinLyon - Saint-Etienne
80%
Derby bretonRennes - Nantes
79%
Derby de la Côte d'AzurMonaco - Nice
75%
Derby de l'EstStrasbourg - Metz
65%
Derby de la GaronneToulouse - Bordeaux
60%
Derby lorrainMetz - Nancy
52%
Derby de l'AtlantiqueBordeaux - Nantes
49%
Derby normandCaen - Le Havre
45%
Derby bourguignonDijon - Auxerre
30%
Derby de la ChampagneReims - Troyes
30%
Derby alsacienStrasbourg - Mulhouse
24%
Derby du CentreTours - Orléans
12%

Distribution des résultats

Percentile par nombre de réponses

% des personnes avec chaque résultat

Votre développement - résultats

Vous n’avez pas pris ce quiz depuis la dernière actualisation